[Event "9th Lublin GM 2017"]
[Site "masterchessopen.com Lublin POL"]
[Date "2017.06.04"]
[Round "1.3"]
[White "Janik,Igor"]
[Black "Jarmula,L"]
[Result "1-0"]
[WhiteElo "2422"]
[BlackElo "2444"]

1.e4 e6 2.d4 d5 3.Nd2 Nc6 4.Ngf3 Nf6 5.e5 Nd7 6.Nb3 a5 7.a4 Be7 8.Bb5 Na7
9.Be2 b6 10.h4 c5 11.h5 Nc6 12.Bf4 O-O 13.c3 Bb7 14.h6 g6 15.Bb5 Na7 16.Bxd7
Qxd7 17.O-O Nc6 18.Re1 Ba6 19.Qd2 Bc4 20.Nc1 Rac8 21.dxc5 bxc5 22.b3 Ba6
23.Bg5 Bxg5 24.Qxg5 Qe7 25.Qxe7 Nxe7 26.Nh2 c4 27.Ra3 Nf5 28.Ng4 d4 29.bxc4
Rxc4 30.cxd4 Nxd4 31.Nf6+ Kh8 32.Ra2 Rfc8 33.Ne2 Nf5 34.Ng3 Nxh6 35.Nge4 Nf5
36.g4 Nd4 37.Re3 h6 38.Nd6 Rc1+ 39.Kg2 Rb8 40.Rd2 Rb4 41.Nxf7+ Kg7 42.Nd8 Kh8
43.Kh2 Rc8 44.Nf7+ Kg7 45.Nd6 Rc5 46.Nfe8+ Kg8 47.Nf6+ Kg7 48.Kh3 Rc1 49.f3 g5
50.f4 Bf1+ 51.Kh2 gxf4 52.Nh5+ Kh7 53.Nxf4 Rxa4 54.Ne4 Bb5 55.Nf6+ Kh8 56.Rh3
Kg7 57.Rxd4 Rc2+ 58.Kg3 Rc3+ 59.Kh4 Rxd4 60.Nxe6+ Kg6 61.Rxc3 Bc4 62.Nxd4 {#r}
1-0

[Event "10th Mayors Cup Open 2017"]
[Site "masterchessopen.com Mumbai IND"]
[Date "2017.06.05"]
[Round "3.25"]
[White "Sangma,R"]
[Black "Nagare,Akhilesh"]
[Result "1-0"]
[WhiteElo "2337"]
[BlackElo "1807"]

1.e4 e6 2.d4 d5 3.Nd2 Nf6 4.e5 Nfd7 5.f4 c5 6.Ngf3 Nc6 7.Nb3 Be7 8.Be3 O-O
9.Nxc5 Nxc5 10.dxc5 f6 11.c3 fxe5 12.fxe5 Qc7 13.Bd4 Nxd4 14.cxd4 b6 15.b4
bxc5 16.bxc5 Rxf3 17.Qxf3 Qa5+ 18.Kf2 Qd2+ 19.Be2 Qxd4+ 20.Qe3 Bxc5 21.Qxd4
Bxd4+ 22.Kf3 Bxa1 23.Rxa1 Bd7 24.Rb1 Rf8+ 25.Ke3 Bc6 26.g3 g6 27.Bg4 Re8
28.Rc1 Bb5 29.Rc7 a6 30.h4 h6 31.h5 g5 32.Kd4 Bc4 33.a4 Bb3 34.a5 Bc4 35.Rc8
Rxc8 36.Bxe6+ Kf8 37.Bxc8 Ke7 38.Bb7 Be2 39.Ke3 Bc4 40.Bc6 Ke6 41.Kd4 Be2
42.Bxd5+ Ke7 43.Bc4 Bxh5 44.Bxa6 Bf3 45.Bd3 h5 46.a6 h4 47.gxh4 gxh4 48.Be4
{#r} 1-0

[Event "11th BPB Limburg Open"]
[Site "masterchessopen.com Maastricht NED"]
[Date "2017.06.04"]
[Round "4.10"]
[White "Beerdsen,Thomas"]
[Black "Volkov,My"]
[Result "1-0"]
[WhiteElo "2455"]
[BlackElo "2177"]

1.e4 e6 2.d4 d5 3.Nd2 Nf6 4.e5 Nfd7 5.f4 c5 6.c3 Nc6 7.Ndf3 Qb6 8.g3 Be7 9.Kf2
cxd4 10.cxd4 f6 11.Kg2 O-O 12.Bd3 f5 13.Ne2 a5 14.h3 a4 15.g4 Nb4 16.Bb1 Qc7
17.a3 Nc6 18.Nc3 Nb6 19.Ba2 Qd7 20.gxf5 exf5 21.Be3 Na5 22.Nd2 Rd8 23.Qf3 Qc6
24.Rac1 Be6 25.Kh2 Qd7 26.Qe2 Rac8 27.Qb5 Qxb5 28.Nxb5 Nbc4 29.Nxc4 dxc4
30.Nc3 Nb3 31.Rcd1 Bd5 32.Rhf1 Rc6 33.Nxa4 b5 34.Nc3 b4 35.axb4 Bxb4 36.Nxd5
Rxd5 37.Bxb3 cxb3 38.Rd3 Rc2+ 39.Rf2 Be1 40.Rg2 Rc4 41.Rxb3 {#r} 1-0

[Event "10th Mayors Cup Open 2017"]
[Site "masterchessopen.com Mumbai IND"]
[Date "2017.06.05"]
[Round "2.27"]
[White "Nayak,Rajesh"]
[Black "Raahul,V S"]
[Result "0-1"]
[WhiteElo "2067"]
[BlackElo "2311"]

1.e4 e6 2.d4 d5 3.Nd2 Nf6 4.Bd3 c5 5.c3 Nc6 6.e5 Nd7 7.Ne2 cxd4 8.cxd4 f6
9.exf6 Nxf6 10.O-O Bd6 11.Nf3 Qc7 12.Bg5 O-O 13.Bh4 Nh5 14.Rc1 g6 15.Re1 Qg7
16.Bb1 Bd7 17.Ng3 Nf4 18.Ne2 Nh3+ 19.gxh3 Rxf3 20.Rc3 Raf8 21.Rxf3 Rxf3 22.Bg3
Bb4 23.Rf1 Ba5 24.Kg2 Rf7 25.Qd3 Bb6 26.Rd1 g5 27.a3 Qf6 28.Qc3 h5 29.f3 e5
30.dxe5 Qe6 31.Qd3 Nxe5 32.Bxe5 Qxe5 33.Ba2 Bxh3+ 34.Kh1 Be6 35.Bxd5 Bxd5
36.Qxd5 Qxe2 37.Qxg5+ Kf8 38.Qh6+ Ke8 39.Qh8+ Ke7 {#R} 0-1

[Event "11th BPB Limburg Open"]
[Site "masterchessopen.com Maastricht NED"]
[Date "2017.06.04"]
[Round "4.4"]
[White "Bogner,S"]
[Black "Maki Uuro,Mi"]
[Result "1-0"]
[WhiteElo "2603"]
[BlackElo "2337"]

1.e4 e6 2.d4 d5 3.Nc3 Nf6 4.e5 Nfd7 5.f4 c5 6.Nf3 Nc6 7.Be3 cxd4 8.Nxd4 Bc5
9.Qd2 O-O 10.O-O-O Bxd4 11.Bxd4 Qa5 12.Kb1 Rb8 13.Nb5 Qxd2 14.Rxd2 a6 15.Nd6
Nxd4 16.Rxd4 f6 17.exf6 Nxf6 18.Nxc8 Rbxc8 19.g3 Rc6 20.Bd3 Ng4 21.Be2 Ne3
22.c3 Nf5 23.Rb4 Nd6 24.Bg4 Nc4 25.Rxb7 Rf7 26.Rb8+ Rf8 27.Rxf8+ Kxf8 28.Re1
Kf7 29.b3 Nd2+ 30.Kb2 g6 31.Re2 Ne4 32.c4 Kf6 33.cxd5 exd5 34.Rc2 Rd6 35.Rc7
h5 36.Be2 d4 37.Bc4 g5 38.Rf7+ Kg6 39.f5+ Kh6 40.Re7 Nd2 41.Bg8 g4 42.Re6+
{#r} 1-0

[Event "10th KIIT Elite Open 2017"]
[Site "masterchessopen.com Bhubaneswar IND"]
[Date "2017.05.30"]
[Round "7.17"]
[White "Grover,S"]
[Black "Chakravarthi Reddy,M"]
[Result "1-0"]
[WhiteElo "2478"]
[BlackElo "2226"]

1.e4 e6 2.d4 d5 3.Nc3 Nf6 4.e5 Nfd7 5.f4 c5 6.Nf3 Nc6 7.Be3 Be7 8.Qd2 O-O
9.dxc5 Bxc5 10.O-O-O Qb6 11.Nd4 Bxd4 12.Bxd4 Qxd4 13.Qxd4 Nxd4 14.Rxd4 a6
15.h4 b6 16.Rh3 Bb7 17.Re3 f6 18.exf6 Rxf6 19.Be2 Nb8 20.Na4 Nc6 21.Rd2 Rxf4
22.Nxb6 Rd8 23.Rxe6 Nd4 24.Re7 Nxe2+ 25.Rdxe2 Bc6 26.Rc7 Bb5 27.Rd2 d4 28.c4
Be8 29.g3 Rf1+ 30.Rd1 Rf3 31.Nd5 d3 32.g4 Bf7 33.Ne7+ Kf8 34.b3 Re3 35.Nf5 Rf3
36.c5 h5 37.Nd6 hxg4 38.Nxf7 Rxf7 39.Rxf7+ Kxf7 40.Kd2 Kf6 41.Ke3 g3 42.c6 Rc8
43.Rg1 Rxc6 44.Kxd3 Kf5 45.Rxg3 Rg6 46.Rxg6 Kxg6 47.b4 Kh5 48.a4 Kxh4 49.b5
axb5 50.axb5 {#r} 1-0

[Event "10th KIIT Elite Open 2017"]
[Site "masterchessopen.com Bhubaneswar IND"]
[Date "2017.05.30"]
[Round "7.19"]
[White "Yogit,S"]
[Black "Neelotpal,D"]
[Result "0-1"]
[WhiteElo "2200"]
[BlackElo "2438"]

1.e4 e6 2.d4 d5 3.Nc3 Nf6 4.e5 Nfd7 5.f4 c5 6.Nf3 Nc6 7.Be3 Be7 8.Qd2 a6
9.dxc5 Nxc5 10.O-O-O O-O 11.Kb1 b5 12.Qf2 Nd7 13.Bd3 Nb4 14.f5 Nxd3 15.Rxd3
Kh8 16.Qg3 b4 17.fxe6 fxe6 18.Ne2 Nc5 19.Bxc5 Bxc5 20.Nf4 Rf5 21.Nd4 Bxd4
22.Rxd4 a5 23.Qe3 Qc7 24.Re1 Bd7 25.g4 Rf7 26.Nh3 Rc8 27.Rc1 Bb5 28.Ng5 Rf1
29.Rd2 Qc4 30.Qh3 Rxc1+ 31.Kxc1 h6 32.Nf7+ Kg8 33.Rf2 Qxa2 34.g5 Qa1+ 35.Kd2
Rxc2+ 36.Kxc2 b3+ 37.Kxb3 Ba4+ 38.Kc3 Qc1+ 39.Kd4 Qc4+ 40.Ke3 Qb3+ {#R} 0-1

[Event "11th BPB Limburg Open"]
[Site "masterchessopen.com Maastricht NED"]
[Date "2017.06.05"]
[Round "6.12"]
[White "Van de Perre,T"]
[Black "Harff,M"]
[Result "0-1"]
[WhiteElo "2098"]
[BlackElo "2374"]

1.e4 e6 2.d4 d5 3.Nc3 Bb4 4.e5 c5 5.a3 Bxc3+ 6.bxc3 Qc7 7.Qg4 f5 8.Qg3 Nc6
9.Bb5 Ne7 10.Qxg7 Rg8 11.Qxh7 cxd4 12.Bxc6+ bxc6 13.cxd4 Ba6 14.Bd2 c5 15.Ne2
Bxe2 16.Kxe2 cxd4 17.Bb4 Qxe5+ 18.Kd1 Qg7 19.Qxg7 Rxg7 20.g3 e5 21.Bxe7 Kxe7
22.Rb1 Kd6 23.h4 e4 24.Kd2 Ke5 25.h5 Rc8 26.Rb5 Rgc7 27.Rc1 Rc3 28.Rb3 e3+
29.fxe3 dxe3+ 30.Kd1 Rxb3 {#R} 0-1

[Event "11th BPB Limburg Open"]
[Site "masterchessopen.com Maastricht NED"]
[Date "2017.06.03"]
[Round "2.12"]
[White "Van Dael,Siem"]
[Black "Harff,M"]
[Result "1-0"]
[WhiteElo "2233"]
[BlackElo "2374"]

1.e4 e6 2.d4 d5 3.Nc3 Bb4 4.e5 Ne7 5.a3 Bxc3+ 6.bxc3 c5 7.Qg4 O-O 8.Bd3 Qa5
9.Nf3 Nf5 10.O-O Nc6 11.dxc5 Qxc3 12.Bd2 Qxc5 13.Qh3 h6 14.c3 f6 15.g4 Nxe5
16.Nxe5 fxe5 17.gxf5 exf5 18.Kh1 Qc6 19.Rg1 f4 20.Qh5 e4 21.Rg6 Qd7 22.Rag1
exd3 23.Rxh6 {#r} 1-0

[Event "10th KIIT Elite Open 2017"]
[Site "masterchessopen.com Bhubaneswar IND"]
[Date "2017.05.31"]
[Round "8.30"]
[White "Samal,Ansuman"]
[Black "Sahoo,U"]
[Result "1-0"]
[WhiteElo "1803"]
[BlackElo "2256"]

1.e4 e5 2.d4 exd4 3.Qxd4 Nc6 4.Qe3 Nf6 5.Nc3 Bb4 6.Bd2 O-O 7.O-O-O Re8 8.Qg3
d6 9.f3 Ne5 10.h4 Kh8 11.Nh3 Qe7 12.a3 Ba5 13.Ng5 c6 14.f4 Neg4 15.Bc4 Rf8
16.e5 dxe5 17.fxe5 Nxe5 18.Rhe1 Bc7 19.Bf4 Nh5 20.Bxe5 Nxg3 21.Bxg7+ Kxg7
22.Rxe7 Bf4+ 23.Kb1 Nf5 24.Re4 Bc7 25.Rf1 Bd8 26.Ref4 Bc7 27.R4f3 b6 28.Be6
Ba6 29.Ne2 b5 30.Nf4 Bxf4 31.Rxf4 c5 32.Re4 Bb7 33.g4 a5 34.b4 a4 35.Rd1 Bc8
36.Rd8 Re8 37.Rxe8 Bb7 38.h5 h6 {#r} 1-0

[Event "11th BPB Limburg Open"]
[Site "masterchessopen.com Maastricht NED"]
[Date "2017.06.04"]
[Round "4.6"]
[White "Pruijssers,R"]
[Black "Stark,L"]
[Result "1-0"]
[WhiteElo "2502"]
[BlackElo "2394"]

1.e4 e5 2.Bc4 Nf6 3.d3 c6 4.Nf3 d5 5.Bb3 a5 6.a3 a4 7.Ba2 Bd6 8.Nc3 dxe4
9.Nxe4 Nxe4 10.dxe4 h6 11.O-O O-O 12.Be3 Qe7 13.Nh4 Qxh4 14.Qxd6 Qxe4 15.Rae1
Qf5 16.Bxh6 Re8 17.Re3 Qf6 18.Qxf6 gxf6 19.f4 e4 20.f5 Ra5 21.Rg3+ Kh7 22.Rf4
Rg8 23.Bxf7 Rxg3 24.Bf8 {#r} 1-0

[Event "10th KIIT Elite Open 2017"]
[Site "masterchessopen.com Bhubaneswar IND"]
[Date "2017.05.31"]
[Round "8.27"]
[White "Manish Anto,Cristiano F"]
[Black "Akash Pc,I"]
[Result "0-1"]
[WhiteElo "1944"]
[BlackElo "2282"]

1.e4 Nc6 2.Nc3 e5 3.Bc4 Bb4 4.a3 Bxc3 5.bxc3 Nf6 6.d3 d6 7.Nf3 Ne7 8.h3 Ng6
9.Qe2 Qe7 10.Be3 h6 11.O-O Nh5 12.Kh2 Nhf4 13.Bxf4 Nxf4 14.Qe3 g5 15.Ng1 Be6
16.Bxe6 fxe6 17.g3 Ng6 18.Ne2 h5 19.f4 exf4 20.gxf4 g4 21.f5 exf5 22.Rxf5 Nh4
23.Rf2 Nf3+ 24.Kg2 Qh4 25.Ng1 Rg8 26.Kf1 Nxg1 27.Kxg1 b6 28.Rg2 O-O-O 29.hxg4
Rxg4 30.Rxg4 hxg4 31.Kg2 Rh8 32.Qg3 Qg5 33.Rd1 Rh3 34.Qf2 Rf3 35.Qe1 Qf4
36.Rd2 Rh3 37.Kg1 g3 38.Re2 Qf3 39.Rg2 Qh5 40.Rxg3 Rh1+ 41.Kf2 Qh2+ 42.Rg2
Qh4+ {#R} 0-1

[Event "11th BPB Limburg Open"]
[Site "masterchessopen.com Maastricht NED"]
[Date "2017.06.04"]
[Round "5.5"]
[White "Villwock,M"]
[Black "Sokolov,Ivan"]
[Result "0-1"]
[WhiteElo "2075"]
[BlackElo "2625"]

1.e4 e5 2.f4 Bc5 3.Qh5 Nf6 4.Qxe5+ Be7 5.Nc3 Nc6 6.Qb5 O-O 7.Nf3 Nb4 8.Kd1 d5
9.e5 Ng4 10.Qe2 d4 11.Ne4 Bf5 12.d3 Bxe4 13.dxe4 d3 14.cxd3 Bc5 15.Bd2 Nf2+
16.Qxf2 Bxf2 17.Bxb4 c5 18.Bc3 Qb6 19.Kc2 Rfd8 20.Be2 Rac8 21.Nd2 Qg6 22.g3 b5
23.Rhf1 Be3 24.Nf3 b4 25.Nh4 Qb6 26.Nf5 bxc3 27.bxc3 Bd4 28.Rfb1 Qa5 29.cxd4
cxd4+ 30.Kd1 Rb8 31.Nd6 Rxb1+ 32.Rxb1 Qxa2 33.Rb7 Qa1+ 34.Kd2 Qc3+ 35.Kd1 a5
{#R} 0-1

[Event "10th Mayors Cup Open 2017"]
[Site "masterchessopen.com Mumbai IND"]
[Date "2017.06.05"]
[Round "3.15"]
[White "Amonatov,F"]
[Black "Aaryan,Varshney"]
[Result "1-0"]
[WhiteElo "2632"]
[BlackElo "1764"]

1.e4 e5 2.Nf3 Nf6 3.d4 exd4 4.e5 Ne4 5.Qxd4 d5 6.exd6 Nxd6 7.Bd3 Nc6 8.Qf4 Be7
9.Nc3 Be6 10.Be3 O-O 11.O-O-O Qc8 12.g4 Ne8 13.Ng5 Bxg5 14.Qxg5 Nf6 15.a3 h6
16.Qh4 Nxg4 17.Bc5 Rd8 18.Rhg1 Nce5 19.Qg3 b6 20.Be3 Ng6 21.Bd2 f5 22.Rde1 Bf7
23.h3 Nf6 24.Bc4 Bxc4 25.Qxg6 Qd7 26.Bxh6 Ne8 27.Rxe8+ Rxe8 28.Bxg7 Re1+
29.Rxe1 Qxg7 30.Qc6 Rf8 31.Qxc4+ Kh8 32.Qh4+ Kg8 33.Nd5 Rf7 34.Re8+ Rf8
35.Rxf8+ Qxf8 36.Qg5+ Qg7 37.Qxg7+ Kxg7 38.Nxc7 Kf6 39.Kd2 Kg5 40.Ke3 a5 41.a4
Kh4 42.Kf4 Kxh3 43.Kxf5 Kg2 44.f4 Kf3 45.Ke5 Kg4 46.f5 Kg5 47.f6 Kg6 48.Ke6
Kh7 49.f7 Kg7 50.Ke7 Kg6 51.f8=Q {#r} 1-0

[Event "ch-POR Rapid 2017"]
[Site "masterchessopen.com Mirandela POR"]
[Date "2017.06.03"]
[Round "1.2"]
[White "Silva,Luis"]
[Black "Alves,Damiao Fernando"]
[Result "1-0"]
[WhiteElo "2317"]
[BlackElo "1368"]

1.e4 e5 2.Nf3 Nc6 3.d4 exd4 4.Bc4 Bb4+ 5.c3 dxc3 6.Nxc3 Nf6 7.e5 Ne4 8.Qd5
Bxc3+ 9.bxc3 O-O 10.Qxe4 Nxe5 11.Nxe5 d6 12.Nxf7 Rxf7 13.O-O Qf8 14.Re1 Bd7
15.Qxb7 Re8 16.Bg5 Kh8 17.Bxf7 Qxf7 18.Qxc7 Rxe1+ 19.Rxe1 Qf5 20.Qd8+ Qf8
21.Qxf8# 1-0

[Event "10th Mayors Cup Open 2017"]
[Site "masterchessopen.com Mumbai IND"]
[Date "2017.06.04"]
[Round "1.6"]
[White "Kumar,G"]
[Black "Grover,S"]
[Result "0-1"]
[WhiteElo "2176"]
[BlackElo "2478"]

1.e4 e5 2.Nf3 Nc6 3.d4 exd4 4.Nxd4 Bb4+ 5.c3 Bc5 6.Nxc6 bxc6 7.Bd3 Qh4 8.Qe2
Nf6 9.Be3 Bxe3 10.Qxe3 O-O 11.O-O Re8 12.Nd2 d5 13.g3 Qh5 14.f3 a5 15.Rf2 a4
16.Qc5 Bd7 17.f4 Qg6 18.f5 Qh5 19.exd5 Re5 20.Nf1 Rae8 21.Qc4 Rxd5 22.Be2 Qh6
23.Bf3 Rxf5 24.Qxa4 Qg5 25.Qd4 Ra5 26.b4 Ra3 27.Rd1 Qb5 28.Ne3 Be6 29.Rdd2 h6
30.Bg2 Nd7 31.c4 Qg5 32.Nc2 Ra6 33.a4 c5 34.bxc5 Qxc5 35.Qxc5 Nxc5 36.Rf4 Rb8
37.Nd4 Rb1+ 38.Rf1 Rxf1+ 39.Bxf1 Rxa4 40.Nb5 Ra1 41.Nxc7 Bxc4 42.Rc2 Bxf1
43.Rxc5 Bh3+ 44.Kf2 Ra2+ 45.Kf3 Rxh2 46.Nd5 Bg2+ 47.Kg4 Bxd5 48.Rxd5 g6 49.Rd7
Kg7 50.Ra7 Rf2 51.Rb7 h5+ 52.Kh4 Kh6 {#R} 0-1

[Event "ch-POR Rapid 2017"]
[Site "masterchessopen.com Mirandela POR"]
[Date "2017.06.03"]
[Round "1.5"]
[White "Pereira,Ant2"]
[Black "Sousa,Gil Oliva Teles"]
[Result "1-0"]
[WhiteElo "2139"]
[BlackElo "1134"]

1.Nc3 Nf6 2.e4 e5 3.Nf3 Nc6 4.d4 exd4 5.Nxd4 Bb4 6.Nxc6 dxc6 7.Qxd8+ Kxd8
8.Bg5 Be7 9.O-O-O+ Ke8 10.f3 Be6 11.Bf4 Rc8 12.Bd3 h6 13.a3 Nh5 14.Be5 Bf6
15.Bxf6 Nxf6 16.Ne2 Ke7 17.Nf4 Rhd8 18.Rd2 Rd7 19.Rhd1 Rcd8 20.b3 b5 21.b4 g5
22.Ne2 Ne8 23.h4 Nd6 24.Nd4 Rg8 25.Nxc6+ Ke8 26.hxg5 Rxg5 27.g4 a6 28.Nb8 Rd8
29.Nxa6 Nb7 30.Nxc7+ Ke7 31.Nxe6 fxe6 32.Be2 Rgg8 33.Rxd8 Rxd8 34.Rxd8 Kxd8
35.Bxb5 Ke7 36.f4 Kf6 {#r} 1-0

[Event "10th KIIT Elite Open 2017"]
[Site "masterchessopen.com Bhubaneswar IND"]
[Date "2017.06.02"]
[Round "10.29"]
[White "Samal,Ansuman"]
[Black "Yogit,S"]
[Result "1-0"]
[WhiteElo "1803"]
[BlackElo "2200"]

1.e4 e5 2.Nf3 Nc6 3.d4 exd4 4.Nxd4 Nf6 5.Nc3 Bb4 6.Nxc6 bxc6 7.Bd3 O-O 8.O-O
d5 9.exd5 cxd5 10.Bg5 Be6 11.Qf3 Be7 12.Rfe1 h6 13.Bd2 Rb8 14.h3 Rxb2 15.Nb5
Ne4 16.Rxe4 Rxb5 17.Rxe6 fxe6 18.Qg4 Rb6 19.Bxh6 Bf6 20.Re1 Rf7 21.Qg6 Kf8
22.Be3 d4 23.Bc1 Qd6 24.h4 Rb1 25.h5 Qb4 26.Rf1 Ke7 27.c3 dxc3 28.Bxb1 Bd4
29.Bg5+ Kf8 30.Qe4 c6 31.h6 gxh6 32.Bxh6+ Ke7 33.Bg5+ Kd7 34.Rd1 e5 35.Qxe5 c5
36.Qd5+ {#r} 1-0

[Event "11th BPB Limburg Open"]
[Site "masterchessopen.com Maastricht NED"]
[Date "2017.06.03"]
[Round "3.7"]
[White "Dushyant,Sharma"]
[Black "Pruijssers,R"]
[Result "0-1"]
[WhiteElo "2049"]
[BlackElo "2502"]

1.e4 e5 2.Nf3 Nc6 3.Nc3 Nf6 4.Bb5 Bd6 5.d3 a6 6.Ba4 O-O 7.Bg5 h6 8.h4 b5 9.Bb3
Be7 10.Bxf6 Bxf6 11.g4 Nd4 12.g5 Nxb3 13.axb3 hxg5 14.hxg5 Bxg5 15.Nxe5 a5
16.Qh5 Bh6 17.Rg1 Ra6 18.Rxa5 Re6 19.Ng4 Kh8 20.f4 f5 21.Rxb5 fxg4 22.Rxg4 c6
23.Rbg5 Kg8 24.f5 Bxg5 25.fxe6 Be3 26.e5 d5 27.Ke2 Bxe6 28.Rh4 Bh6 29.Rh2 Rf5
30.Qg6 Rxe5+ 31.Kd1 Qf8 32.Qg2 Bg4+ {#R} 0-1

[Event "6th CHN w Masters 2017"]
[Site "masterchessopen.com Wuxi CHN"]
[Date "2017.05.30"]
[Round "4.1"]
[White "Ding Yixin"]
[Black "Tan Zhongyi"]
[Result "0-1"]
[WhiteElo "2423"]
[BlackElo "2515"]

1.e4 e5 2.Nf3 Nc6 3.Nc3 Nf6 4.Bb5 Bb4 5.O-O O-O 6.d3 Bxc3 7.bxc3 d6 8.Bxc6
bxc6 9.h3 h6 10.Be3 Be6 11.c4 Nd7 12.Nd2 f5 13.exf5 Bxf5 14.f4 exf4 15.Bxf4
Nc5 16.Qh5 Qe8 17.Qxe8 Raxe8 18.Bg3 Re2 19.Rf2 Bxd3 20.Rxe2 Bxe2 21.Re1 Bh5
22.Nb3 Na6 23.Nd4 c5 24.Nb5 Bf7 25.Nxa7 Bxc4 26.a3 Kf7 27.Re4 Bd5 28.Ra4 Bb7
29.Nb5 Ke6 30.Rg4 Rf7 31.h4 Kd7 32.h5 Bd5 33.Nc3 Be6 34.Ra4 Nb8 35.Ne2 Nc6
36.c3 Bb3 37.Ra8 Re7 38.Kf2 Ne5 39.Bxe5 Rxe5 40.Nf4 Re4 41.g3 Ra4 42.Rh8 Ke7
43.Rc8 Ra7 44.Ke3 Be6 45.Nxe6 Kxe6 46.Rg8 c6 47.Kd2 Kd5 48.Kc2 Kc4 49.Kb2 d5
50.a4 d4 51.Rc8 Rb7+ 52.Kc2 d3+ 53.Kd2 Rb2+ 54.Ke3 Kxc3 55.Rxc6 c4 56.Rc7 Re2+
57.Kf3 Re1 {#R} 0-1

[Event "10th Mayors Cup Open 2017"]
[Site "masterchessopen.com Mumbai IND"]
[Date "2017.06.05"]
[Round "2.6"]
[White "Nitish,Belurkar"]
[Black "Abdulla,AlR"]
[Result "0-1"]
[WhiteElo "2265"]
[BlackElo "2503"]

1.e4 e5 2.Nf3 Nc6 3.Bc4 Nf6 4.O-O Be7 5.d4 d6 6.Nc3 Bg4 7.dxe5 Nxe5 8.Be2 Bd7
9.Nd4 O-O 10.f4 Ng6 11.Qd3 Re8 12.Bd2 c5 13.Nf5 Nxe4 14.Qxe4 Bf6 15.Qd3 Bxf5
16.Qxf5 Bxc3 17.Bxc3 Rxe2 18.Rad1 Rxg2+ 19.Kh1 Qe8 20.Qd5 Rxc2 21.Rfe1 Qc6
22.Rg1 Qxd5+ 23.Rxd5 Re8 24.Rxd6 f6 25.f5 Nh4 26.Rd7 Nxf5 27.Bd2 Re7 28.Rd8+
Kf7 29.Bf4 Rxb2 {#R} 0-1

[Event "10th KIIT Elite Open 2017"]
[Site "masterchessopen.com Bhubaneswar IND"]
[Date "2017.06.01"]
[Round "9.25"]
[White "Roy Chowdhury,S"]
[Black "Hirthickkesh,PR"]
[Result "1-0"]
[WhiteElo "2326"]
[BlackElo "2168"]

1.e4 e5 2.Nf3 Nc6 3.Bc4 Bc5 4.c3 Nf6 5.d3 a6 6.Bb3 Ba7 7.Nbd2 O-O 8.O-O d6
9.h3 Ne7 10.Re1 Ng6 11.Nf1 h6 12.Ng3 Be6 13.d4 Qc8 14.Be3 Re8 15.Bc2 Kh7
16.Kh2 c6 17.Qd2 Bb8 18.Rad1 Bc7 19.Bb1 Rd8 20.Qc1 Re8 21.c4 exd4 22.Nxd4 Bd7
23.f4 b5 24.cxb5 cxb5 25.Nf3 Kg8 26.Bd4 Bd8 27.Qd2 Bc6 28.Bxf6 Bxf6 29.Nh5 Qd8
30.Qxd6 Qxd6 31.Rxd6 Bb7 32.Rxf6 gxf6 33.Nxf6+ Kf8 34.Nxe8 Rxe8 35.Kg3 Ne7
36.Kf2 a5 37.Rd1 Nc8 38.Rd4 Nb6 39.Bd3 Nc4 40.b3 Na3 41.Ne5 f6 42.Ng6+ Kg8
43.Ke3 f5 44.e5 Bxg2 45.Bxf5 Bxh3 46.Bxh3 Nc2+ 47.Ke4 Nxd4 48.Kxd4 Kf7 49.f5
Rc8 50.Nf4 Rc2 51.f6 Rf2 52.Ke3 {#r} 1-0

[Event "10th KIIT Elite Open 2017"]
[Site "masterchessopen.com Bhubaneswar IND"]
[Date "2017.06.01"]
[Round "9.11"]
[White "Deviatkin,A"]
[Black "Ziatdinov,R"]
[Result "1-0"]
[WhiteElo "2481"]
[BlackElo "2291"]

1.e4 e5 2.Nf3 Nc6 3.Bb5 a6 4.Bxc6 dxc6 5.O-O Bd6 6.d4 exd4 7.Qxd4 f6 8.Nbd2
Be6 9.Qc3 a5 10.a3 Ne7 11.Nc4 b6 12.Be3 c5 13.Rad1 Nc8 14.e5 fxe5 15.Bg5 Ne7
16.Nfxe5 O-O 17.Nxd6 cxd6 18.Nc6 Nxc6 19.Bxd8 Raxd8 20.Rfe1 Bf7 21.Qg3 Ne5
22.a4 Nc4 23.b3 Ne5 24.h3 Bg6 25.Rd2 Rf5 26.Rxe5 Rxe5 27.Qxe5 dxe5 28.Rxd8+
Kf7 29.Rd6 Bxc2 30.Rxb6 c4 31.bxc4 Bxa4 32.Ra6 Bb3 33.Rxa5 {#r} 1-0

[Event "11th BPB Limburg Open"]
[Site "masterchessopen.com Maastricht NED"]
[Date "2017.06.03"]
[Round "3.5"]
[White "Tang,Charlie"]
[Black "Ernst,S"]
[Result "1-0"]
[WhiteElo "2067"]
[BlackElo "2535"]

1.e4 e5 2.Nf3 Nc6 3.Bb5 a6 4.Ba4 Nge7 5.O-O g6 6.c3 b5 7.Bb3 Bg7 8.d4 exd4
9.cxd4 d6 10.Be3 Na5 11.Nc3 O-O 12.h3 h6 13.Rc1 Kh7 14.Nd2 f5 15.f3 c6 16.Bc2
Qb6 17.Ne2 Bd7 18.b4 Nb7 19.Nb3 Be6 20.Nf4 Bc4 21.Re1 a5 22.d5 Qa6 23.Ne6 axb4
24.Nbd4 f4 25.Bxf4 Rxf4 26.Nxf4 Be5 27.Nfe6 c5 28.Ne2 Qxa2 29.f4 Bh8 30.f5 Be5
31.N2f4 Qb2 32.fxg6+ Kg8 33.Qh5 Bxf4 34.Nxf4 b3 35.Bb1 Qg7 36.e5 Bxd5 37.Nxd5
Nxd5 38.exd6 Nf4 39.Qf3 Rf8 40.Qxb3+ c4 41.Qxb5 Nxd6 42.Qc5 Qb7 43.Be4 Qd7
44.Bc6 Qd8 45.Rcd1 Nd3 46.Qa7 Nf7 47.gxf7+ Rxf7 48.Qe3 Qd6 49.Bb5 {#r} 1-0

[Event "10th Mayors Cup Open 2017"]
[Site "masterchessopen.com Mumbai IND"]
[Date "2017.06.05"]
[Round "3.1"]
[White "Saksham,Rautela"]
[Black "Ghosh,D"]
[Result "0-1"]
[WhiteElo "1969"]
[BlackElo "2569"]

1.e4 e5 2.Nf3 Nc6 3.Bb5 a6 4.Ba4 Nf6 5.d3 d6 6.O-O Be7 7.c3 O-O 8.Nbd2 Nd7
9.d4 exd4 10.Nxd4 Nxd4 11.cxd4 Nb6 12.Bc2 f5 13.Bb3+ Kh8 14.e5 f4 15.Nc4 Nxc4
16.Bxc4 f3 17.Bd5 fxg2 18.Bxg2 Qe8 19.f4 Qg6 20.Be3 Bf5 21.Qf3 dxe5 22.dxe5 c6
23.Kh1 Rad8 24.Qg3 Qe6 25.Rg1 g6 26.a3 Rd3 27.Rad1 Qb3 28.Rxd3 Qxd3 29.Qf2 Be4
30.Bd4 Bxg2+ 31.Rxg2 Qb1+ 32.Qg1 Qe4 33.Qe3 Rxf4 34.Qxe4 Rxe4 35.Rd2 Kg8
36.Bc3 Kf7 37.Rd7 b5 38.Ra7 c5 39.b4 Re3 40.Bd2 Re2 41.Bg5 Rxe5 42.Bxe7 Rxe7
43.Rxa6 cxb4 44.axb4 Re4 45.Ra7+ Kg8 46.Rb7 Rxb4 47.Kg2 Rg4+ 48.Kf3 Rg5 49.h4
Rh5 50.Kg4 Kf8 {#R} 0-1

[Event "10th Mayors Cup Open 2017"]
[Site "masterchessopen.com Mumbai IND"]
[Date "2017.06.04"]
[Round "1.3"]
[White "Tukhaev,A"]
[Black "Yogit,S"]
[Result "1-0"]
[WhiteElo "2557"]
[BlackElo "2200"]

1.e4 e5 2.Nf3 Nc6 3.Bb5 a6 4.Ba4 Nf6 5.d3 d6 6.c3 b5 7.Bb3 Be7 8.O-O O-O
9.Nbd2 Na5 10.Bc2 c5 11.Re1 Re8 12.Nf1 h6 13.Ng3 Bf8 14.d4 cxd4 15.cxd4 Bg4
16.d5 Qc7 17.Bd3 Rec8 18.h3 Bd7 19.Nh2 Nb7 20.f4 Nc5 21.Bf1 Na4 22.Re2 b4
23.Rf2 Qb6 24.Qf3 Rc2 25.Be3 Qc7 26.fxe5 dxe5 27.Nh5 Nxh5 28.Qxf7+ Kh8 29.Rxc2
Qxc2 30.Qxh5 Qxe4 31.Qf3 Qxf3 32.Nxf3 e4 33.Ne5 Be8 34.Rc1 Rd8 35.Bxa6 Rxd5
36.Ng4 Bc5 37.Bb7 Bxe3+ 38.Nxe3 Rc5 39.Rd1 Bc6 40.Bxc6 Rxc6 41.Rd4 Rc1+ 42.Kh2
Ra1 43.Rxb4 Rxa2 44.Rb8+ Kh7 45.Ra8 Nc3 46.Rxa2 Nxa2 47.Nd5 Kg6 48.b4 Nc1
49.b5 Nb3 50.b6 Nc5 51.g4 Kf7 52.Kg3 Ke6 53.Ne3 g5 54.Nf5 Ke5 55.Nxh6 Kd4
56.Nf7 e3 57.Nxg5 e2 58.Nf3+ Ke3 59.g5 Ne4+ 60.Kg2 Nxg5 61.Ne1 {#r} 1-0

[Event "11th BPB Limburg Open"]
[Site "masterchessopen.com Maastricht NED"]
[Date "2017.06.03"]
[Round "2.11"]
[White "Beerdsen,Thomas"]
[Black "Gijsen,S"]
[Result "1-0"]
[WhiteElo "2455"]
[BlackElo "2171"]

1.e4 e5 2.Nf3 Nc6 3.Bb5 a6 4.Ba4 Nf6 5.d3 d6 6.c3 g6 7.Bg5 Bg7 8.Nbd2 O-O
9.Nf1 d5 10.exd5 Qxd5 11.Ne3 Qd6 12.Nc4 Qe6 13.Bxc6 bxc6 14.O-O Nd7 15.Re1 Qd5
16.Qd2 f6 17.Ne3 Qd6 18.Bh4 c5 19.Qc2 Rb8 20.Nd2 Bb7 21.f3 Rfd8 22.Rad1 Nb6
23.Ne4 Qc6 24.Bf2 f5 25.Qb3+ c4 26.Nxc4 Nxc4 27.Nc5 Ba8 28.Qxc4+ Qd5 29.Ne6
Qxc4 30.dxc4 Rxd1 31.Rxd1 Rxb2 32.Nxc7 Bc6 33.Nxa6 e4 34.Nb4 Ba4 35.Rc1 Bxc3
36.Rxc3 Rb1+ 37.Be1 Rxe1+ 38.Kf2 Rb1 39.a3 exf3 40.Kxf3 Rb2 41.c5 g5 42.c6
Bd1+ 43.Ke3 f4+ 44.Ke4 Bg4 45.c7 Bc8 46.Rd3 {#r} 1-0